000 00330 a2200157 4500
003 Nust
005 20170207153240.0
020 _a0600580253
040 _cNust
082 _a620
100 _aGrahm,Ian
245 _aHow things woork
_cIan Graham
260 _anairobi
_bGabrone
_c1996
300 _a48:p
650 _a Energy and Power
942 _2ddc
_cBK
999 _c182337
_d182337